The handicrafts industry in Kerala : (Record no. 66815)

MARC details
000 -LEADER
fixed length control field 00488nam a22001457a 4500
005 - DATE AND TIME OF LATEST TRANSACTION
control field 20180722102521.0
020 ## - INTERNATIONAL STANDARD BOOK NUMBER
International Standard Book Number 8189654217
Terms of availability 350.00
035 ## - SYSTEM CONTROL NUMBER
System control number B-228003, B228002
037 ## - SOURCE OF ACQUISITION
Stock number DPL
Source of stock number/acquisition ENG
245 ## - TITLE STATEMENT
Title The handicrafts industry in Kerala :
Remainder of title Blending heritage with economics /
Statement of responsibility, etc edited by K.K. Subrahmanian
260 ## - PUBLICATION, DISTRIBUTION, ETC. (IMPRINT)
Place of publication, distribution, etc Delhi
Name of publisher, distributor, etc Daanish Books
Date of publication, distribution, etc 2006
300 ## - PHYSICAL DESCRIPTION
Extent xiii, 215p.
Dimensions 20 cms.
700 ## - ADDED ENTRY--PERSONAL NAME
Personal name Subrahmanian, K.K.
9 (RLIN) 47299
942 ## - ADDED ENTRY ELEMENTS (KOHA)
Source of classification or shelving scheme Dewey Decimal Classification
Item type English Books
Classification part 338.4774550954333
Call number suffix HAN
Holdings
Withdrawn status Lost status Not for loan Collection code Home library Current library Date acquired Cost, normal purchase price Full call number Barcode Cost, replacement price Koha item type Source of acquisition
      Non-fiction Patel Nagar Patel Nagar 22/07/2018 350.00 338.4774550954333 HAN B-228002 350.00 English Books BPPD/Pub
      Non-fiction Sarojini Nagar Sarojini Nagar 17/05/2012 350.00 338.4774550954333 HAN B-228003 350.00 English Books  

© Delhi Public Library
Hit Counter
free hit counter